| 000 | 00530nam a22001937a 4500 | ||
|---|---|---|---|
| 003 | KOHA_MİRAKIL | ||
| 005 | 20240930101013.0 | ||
| 008 | 240929b2015 tu ||||| |||| 00| 0 tur d | ||
| 020 | _a9786054757794 | ||
| 040 |
_aTR-AnABB _btur _cTR-AnABB |
||
| 041 | _atur | ||
| 082 |
_a814.42 _bKAR 2015 |
||
| 100 | _aKarabatak, N. Sümeyye. | ||
| 245 | 0 |
_aKafein ve piksel / _cN. Sümeyye Karabatak. |
|
| 260 |
_aAnkara : _bHerdem Kitap, _c2015. |
||
| 300 |
_a63 sayfa ; _c21 cm. |
||
| 650 | _aTürk edebiyatı, deneme | ||
| 942 |
_2ddc _cBK |
||
| 999 |
_c2008 _d2008 |
||